[Event "50th World U20 ch"]
[Site "Chennai IND"]
[Date "2011.08.11"]
[Round "9.46"]
[White "Visakh, N. R."]
[Black "Dusthageer, Ibrahim M."]
[Result "1-0"]
[WhiteElo "2042"]
[BlackElo "2212"]
[EventDate "2011.08.02"]
[PlyCount "147"]

1.e4 c5 2.Nf3 Nc6 3.d4 cxd4 4.Nxd4 Nf6 5.Nc3 e5 6.Ndb5 d6 7.Nd5 Nxd5 8.
exd5 Nb8 9.c4 Be7 10.Be2 a6 11.Nc3 O-O 12.O-O f5 13.Kh1 Nd7 14.f4 e4 15.
Be3 Bf6 16.Bd4 a5 17.Nb5 Bxd4 18.Nxd4 Nc5 19.Nb3 b6 20.Nd4 Bd7 21.Qd2 Qf6 
22.Rfd1 Qe7 23.Qe3 g5 24.g3 g4 25.b3 h5 26.h4 gxh3 27.Bxh5 Qh7 28.Be2 Rf6 
29.Kh2 Kf8 30.a3 Be8 31.b4 Nd7 32.Ne6+ Kg8 33.g4 Rh6 34.Rg1 Rg6 35.gxf5 
Rg2+ 36.Rxg2+ hxg2+ 37.Kxg2 Qh8 38.Rg1 Bg6 39.Qd4 Qf6 40.Qxf6 Nxf6 41.Kf1 
Kf7 42.Nc7 Rh8 43.Nb5 Ne8 44.Kf2 Kf6 45.Bf1 Bxf5 46.Ke3 Rh4 47.Rg8 Bg6 48.
Bg2 Kf7 49.Rxe8 Kxe8 50.Nxd6+ Kd8 51.bxa5 bxa5 52.Nb7+ Kc7 53.Nxa5 Rh2 54.
Bxe4 Rh3+ 55.Kd4 Bxe4 56.Kxe4 Rxa3 57.Nc6 Kd6 58.Ne5 Ra4 59.Kd4 Rb4 60.Nd3
Ra4 61.Nc5 Rb4 62.Ne4+ Kd7 63.f5 Rb1 64.Ke5 Rh1 65.c5 Rh2 66.c6+ Kc7 67.
Ng5 Rh4 68.Ne6+ Kb6 69.Nd4 Rh1 70.Kd6 Ra1 71.f6 Ra8 72.f7 Ka7 73.Ne6 Rb8 
74.f8=Q 1-0

[Event "50th World U20 ch"]
[Site "Chennai IND"]
[Date "2011.08.11"]
[Round "9.47"]
[White "Ly, Moulthun"]
[Black "Kourkoulos-Arditis, Stamatis"]
[Result "1-0"]
[WhiteElo "2369"]
[BlackElo "2123"]
[EventDate "2011.08.02"]
[PlyCount "43"]

1.e4 c5 2.c3 d5 3.exd5 Qxd5 4.d4 e6 5.Nf3 Nf6 6.Nbd2 cxd4 7.Bc4 Qd6 8.Nxd4
Nc6 9.Nxc6 Qxc6 10.O-O Bd6 11.Qe2 O-O 12.Bd3 Qc7 13.g3 e5 14.Ne4 Nxe4 15.
Bxe4 Bh3 16.Qh5 f5 17.Bd5+ Kh8 18.Qxh3 e4 19.Be3 Rae8 20.Kh1 Rf6 21.Rae1 
f4 22.Bd4 1-0

[Event "50th World U20 ch"]
[Site "Chennai IND"]
[Date "2011.08.11"]
[Round "9.48"]
[White "Santos, Hugo Lima"]
[Black "Aaron, Deepak"]
[Result "1/2-1/2"]
[WhiteElo "2078"]
[BlackElo "2288"]
[EventDate "2011.08.02"]
[PlyCount "114"]

1.e4 e5 2.Nf3 Nc6 3.Nc3 Nf6 4.d4 exd4 5.Nxd4 Bb4 6.Nxc6 bxc6 7.Bd3 O-O 8.
O-O Qe7 9.Bg5 Bxc3 10.bxc3 Qe5 11.Bd2 Re8 12.Re1 d6 13.h3 Qc5 14.Qf3 Be6 
15.Qe3 Nd7 16.f4 f6 17.Qxc5 Nxc5 18.e5 fxe5 19.fxe5 d5 20.Rab1 a5 21.Be3 
Na4 22.Rb7 Nxc3 23.Rxc7 Rac8 24.Ra7 c5 25.Bd2 Nxa2 26.Rxa5 d4 27.Ba6 Rc7 
28.Ra1 Nb4 29.Bxb4 cxb4 30.Bd3 Rc3 31.R5a4 Rb8 32.Be4 Rc5 33.Ra8 Rxa8 34.
Rxa8+ Kf7 35.Bxh7 Rxe5 36.Bg8+ Kf6 37.Bxe6 Rxe6 38.Rb8 Re1+ 39.Kf2 Rc1 40.
Rxb4 Rxc2+ 41.Kf1 Ke5 42.Rb7 g5 43.Rb5+ Kf4 44.g3+ Ke3 45.Re5+ Kd2 46.Kf2 
d3 47.Kf3 Kd1 48.Rd5 d2 49.Kg4 Kc1 50.Kxg5 d1=Q 51.Rxd1+ Kxd1 52.h4 Ke2 
53.h5 Kf3 54.h6 Rc7 55.Kg6 Kg4 56.h7 Rxh7 57.Kxh7 Kxg3 1/2-1/2

[Event "50th World U20 ch"]
[Site "Chennai IND"]
[Date "2011.08.11"]
[Round "9.50"]
[White "Surendran, N."]
[Black "Manigandan, S. S."]
[Result "1/2-1/2"]
[WhiteElo "2187"]
[BlackElo "2109"]
[EventDate "2011.08.02"]
[PlyCount "167"]

1.d4 Nf6 2.Nf3 e6 3.c4 b6 4.g3 Bb7 5.Bg2 Be7 6.O-O O-O 7.Nc3 Ne4 8.Bd2 f5 
9.Rc1 Bf6 10.d5 Na6 11.Be1 Nac5 12.Nd4 Qe7 13.e3 Nxc3 14.Bxc3 Ne4 15.Nb5 
Nxc3 16.Nxc3 Qb4 17.Na4 Rab8 18.a3 Qd6 19.Nc3 c6 20.dxc6 Qxd1 21.Rfxd1 
dxc6 22.Rd6 Rfd8 23.Rcd1 Rxd6 24.Rxd6 Rd8 25.Rxd8+ Bxd8 26.Ne2 Ba6 27.Nd4 
Bxc4 28.b3 Bd3 29.Nxc6 Bf6 30.Nxa7 Bb2 31.a4 Bc2 32.Nc8 Bxb3 33.Nxb6 Bc3 
34.Bc6 Kf7 35.Bb5 Ke7 36.Nc8+ Kd8 37.Nb6 Kc7 38.Nd7 Kd6 39.f4 h6 40.Kf2 
Bd1 41.Nb6 Kc5 42.Nd7+ Kb4 43.Nf8 e5 44.Ng6 exf4 45.Nxf4 Kc5 46.Ne6+ Kd5 
47.Nf4+ Ke5 48.Ng6+ Kd6 49.Nh4 Ke5 50.Ng2 g5 51.Ne1 Kd5 52.Bd7 Ke5 53.Nd3+
Kd6 54.Bxf5 Bxa4 55.Nc1 Bb2 56.Ne2 Ke5 57.Bd3 Bd1 58.Ng1 Bc1 59.Be2 Ba4 
60.Bh5 Bc6 61.Bg6 Be4 62.Be8 Bd5 63.Ne2 Bb2 64.g4 Be6 65.h3 Bc8 66.Ng3 Bc1
67.Bc6 Be6 68.Kf3 Bc8 69.Nh1 Be6 70.Nf2 Bc4 71.Be4 Ba3 72.Bb7 Bc1 73.Ne4 
Ba3 74.Nd2 Be6 75.Ke2 Bc5 76.Nf3+ Kf6 77.Nd4 Bd7 78.Kf2 Ke5 79.Nb3 Bb6 80.
Nd2 Bb5 81.Bg2 Bc5 82.Bf1 Bc6 83.Bd3 Bd5 84.Bf1 1/2-1/2

[Event "50th World U20 ch"]
[Site "Chennai IND"]
[Date "2011.08.11"]
[Round "9.51"]
[White "Soares, Erikson"]
[Black "Chaithanyaa, K. G."]
[Result "1-0"]
[WhiteElo "2181"]
[BlackElo "2088"]
[EventDate "2011.08.02"]
[PlyCount "68"]

1.Nf3 Nf6 2.g3 d5 3.Bg2 Bf5 4.d4 e6 5.c4 c6 6.Nc3 h6 7.Bf4 Bd6 8.c5 Bxf4 
9.gxf4 Ne4 10.Qb3 Qc7 11.e3 Nd7 12.Ne5 Nxc3 13.Qxc3 f6 14.Nxd7 Kxd7 15.f3 
g5 16.O-O-O Rag8 17.Rd2 gxf4 18.e4 Bh7 19.Bh3 Rg6 20.Re1 Re8 21.Rde2 Bg8 
22.Qd3 Qa5 23.a3 a6 24.b4 Qb5 25.Qd2 Qc4+ 26.Kb2 a5 27.Rc1 Qb5 28.Rce1 
axb4 29.axb4 Ra8 30.Bf1 Rg2 31.Bxg2 Ra4 32.Kb3 e5 33.Bf1 dxe4+ 34.d5 e3 
1-0

[Event "50th World U20 ch"]
[Site "Chennai IND"]
[Date "2011.08.11"]
[Round "9.52"]
[White "Lim Zhuo Ren"]
[Black "Yohan, J."]
[Result "1-0"]
[WhiteElo "2155"]
[BlackElo "2017"]
[EventDate "2011.08.02"]
[PlyCount "58"]

1.d4 d5 2.Nf3 Nf6 3.g3 e6 4.Bg2 c6 5.c4 Nbd7 6.Qc2 Bd6 7.O-O O-O 8.Bf4 
Bxf4 9.gxf4 Ne4 10.Nc3 f5 11.b4 Rf6 12.b5 Rh6 13.bxc6 bxc6 14.cxd5 cxd5 
15.Rfc1 Ba6 16.Nxe4 fxe4 17.Ng5 Rg6 18.f3 Qf6 19.e3 h6 20.fxe4 hxg5 21.f5 
Rh6 22.Qa4 exf5 23.Qxd7 dxe4 24.Qd5+ Kh7 25.Qxa8 Qd6 26.Kf2 Qd7 27.Qb8 Rb6
28.Qe5 Rd6 29.Rc5 f4 1-0

[Event "50th World U20 ch"]
[Site "Chennai IND"]
[Date "2011.08.11"]
[Round "9.53"]
[White "Zulfic, Fedja"]
[Black "Prince, Bajaj"]
[Result "0-1"]
[WhiteElo "2098"]
[BlackElo "2146"]
[EventDate "2011.08.02"]
[PlyCount "126"]

1.d4 Nf6 2.c4 e6 3.Nc3 Bb4 4.a3 Bxc3+ 5.bxc3 c5 6.e3 Nc6 7.Bd3 O-O 8.Ne2 
b6 9.e4 Ne8 10.Be3 d6 11.O-O Ba6 12.Ng3 Na5 13.Qe2 Rc8 14.d5 Qd7 15.a4 g6 
16.Bh6 Ng7 17.Qg4 f5 18.exf5 exf5 19.Qh4 Rf7 20.Rfe1 Rcf8 21.Ne2 Re8 22.
Nf4 Rfe7 23.Rxe7 Qxe7 24.Bg5 Qd7 25.Bf6 Bxc4 26.Bxc4 Nxc4 27.h3 Ne5 28.Kh2
Qf7 29.Bxg7 Qxg7 30.Ne6 Qe7 31.Qg3 Nd7 32.Re1 Nf8 33.Re3 Qd7 34.Nxf8 Kxf8 
35.Rxe8+ Kxe8 36.f4 Qxa4 37.Qh4 h5 38.Qf6 Qxf4+ 39.Kh1 Qf1+ 40.Kh2 Qf4+ 
41.Kh1 Qe5 42.Qxg6+ Kd8 43.Qf7 Qe7 44.Qxf5 h4 45.Qf1 Kc7 46.Qa1 a5 47.c4 
Qe8 48.Qg7+ Kb8 49.Qh6 Qe7 50.Qc1 Kb7 51.Qb1 Qd7 52.Qa2 a4 53.Qb2 Qe8 54.
Qa1 Ka6 55.Qb1 a3 56.Qc2 Qe1+ 57.Kh2 Ka5 58.Qh7 Qg3+ 59.Kh1 Qe1+ 60.Kh2 
Kb4 61.Qa7 Kb3 62.Qxb6+ Qb4 63.Qa6 a2 0-1

[Event "50th World U20 ch"]
[Site "Chennai IND"]
[Date "2011.08.11"]
[Round "9.54"]
[White "Kozganbaev, Erken"]
[Black "Mastalerz, Xavier"]
[Result "1-0"]
[WhiteElo "2284"]
[BlackElo "2129"]
[EventDate "2011.08.02"]
[PlyCount "88"]

1.c4 e5 2.Nc3 Nf6 3.Nf3 Nc6 4.d3 Bc5 5.e3 d6 6.Be2 a6 7.O-O O-O 8.a3 h6 9.
b4 Ba7 10.Bb2 Ne7 11.d4 e4 12.Nd2 Bf5 13.Qc2 c6 14.Rac1 Re8 15.Nb3 Qd7 16.
Qd2 Ng6 17.Kh1 Nh4 18.Rfd1 d5 19.cxd5 cxd5 20.Nc5 Qc7 21.Qe1 Rad8 22.Nb1 
Qe7 23.Nd2 Bg4 24.Bxg4 Nxg4 25.h3 Nf6 26.f4 Nf5 27.Rc3 h5 28.g3 Bb8 29.Nf1
Nd6 30.Nd2 Nf5 31.Nf1 Nd6 32.Qe2 Nc4 33.Bc1 Rd6 34.Bd2 Ba7 35.Be1 b6 36.
Nb3 Qd7 37.Kg2 Bb8 38.Ra1 Bc7 39.Nfd2 b5 40.Nc5 Qf5 41.a4 g5 42.Kh2 Rc6 
43.Bf2 gxf4 44.gxf4 Kh7 1-0

[Event "50th World U20 ch"]
[Site "Chennai IND"]
[Date "2011.08.11"]
[Round "9.55"]
[White "Vasli, Aref"]
[Black "Karthikeyan, Murali"]
[Result "1-0"]
[WhiteElo "2181"]
[BlackElo "2122"]
[EventDate "2011.08.02"]
[PlyCount "101"]

1.d4 Nf6 2.Nf3 d5 3.Bf4 e6 4.e3 Be7 5.Nbd2 O-O 6.Bd3 b6 7.Ne5 Bb7 8.Qf3 
Nbd7 9.Qh3 c5 10.c3 Re8 11.Ndf3 Nxe5 12.Nxe5 a6 13.g4 g6 14.f3 b5 15.Bg5 
Rc8 16.O-O Rf8 17.Qh4 c4 18.Bc2 Rc7 19.f4 Ne4 20.Bxe4 dxe4 21.Bxe7 Qxe7 
22.Qxe7 Rxe7 23.g5 h5 24.b3 Bd5 25.bxc4 bxc4 26.Rab1 Rc8 27.Rb6 Ra7 28.
Rfb1 Kf8 29.R1b4 Ke7 30.Ra4 Rb7 31.Rab4 Rxb6 32.Rxb6 Ra8 33.Kf2 Ra7 34.Rb8
Rc7 35.Ke2 Bb7 36.Kd2 Bc8 37.Kc2 Bb7 38.Rh8 Bc6 39.Rh7 Kf8 40.Rh8+ Ke7 41.
Nxf7 Be8 42.Ne5 Rc8 43.Kc1 Ra8 44.Nxg6+ Kf7 45.Ne5+ Kg7 46.Rh6 Rc8 47.Rxe6
Ra8 48.f5 Rb8 49.f6+ Kf8 50.g6 Bxg6 51.Nd7+ 1-0

[Event "50th World U20 ch"]
[Site "Chennai IND"]
[Date "2011.08.11"]
[Round "9.56"]
[White "Jefic, Srdan"]
[Black "Barbier, Sigiswald"]
[Result "1/2-1/2"]
[WhiteElo "2143"]
[BlackElo "2088"]
[EventDate "2011.08.02"]
[PlyCount "65"]

1.e4 c5 2.Nf3 g6 3.d4 cxd4 4.Nxd4 Nc6 5.Be3 Nf6 6.Nc3 Bg7 7.Bc4 O-O 8.Bb3 
a5 9.a4 Ng4 10.Nxc6 Nxe3 11.Nxd8 Nxd1 12.Rxd1 Bxc3+ 13.bxc3 Rxd8 14.e5 d6 
15.exd6 Rxd6 16.Rxd6 exd6 17.Kd2 Bd7 18.Bd5 Rb8 19.Re1 Kf8 20.Re4 Bc6 21.
Rd4 Ke7 22.Kd3 Bxd5 23.Rxd5 b6 24.Rd4 Kd7 25.Rf4 f5 26.Rh4 h5 27.f3 Re8 
28.g4 fxg4 29.fxg4 Re5 30.c4 Kc6 31.Kd4 Rg5 32.gxh5 gxh5 33.h3 1/2-1/2

[Event "50th World U20 ch"]
[Site "Chennai IND"]
[Date "2011.08.11"]
[Round "9.57"]
[White "Bryan-Vissi, Mark"]
[Black "Herman, Jean"]
[Result "0-1"]
[WhiteElo "1815"]
[BlackElo "2105"]
[EventDate "2011.08.02"]
[PlyCount "96"]

1.e4 e6 2.d4 d5 3.e5 c5 4.c3 Nc6 5.Nf3 Qb6 6.a3 f6 7.exf6 Nxf6 8.Bd3 Bd6 
9.O-O O-O 10.Bc2 e5 11.dxe5 Nxe5 12.Nbd2 Bg4 13.h3 Bh5 14.Bf5 Rae8 15.Qc2 
Nxf3+ 16.Nxf3 Bxf3 17.gxf3 Bc7 18.Bg5 Qd6 19.f4 h6 20.Bh4 Nh5 21.Bg3 Nxf4 
22.Rae1 Qf6 23.Rxe8 Rxe8 24.Bxf4 Bxf4 25.Bh7+ Kh8 26.Qg6 Qe5 27.Qf5 Qd6 
28.Qc2 g6 29.Qxg6 Qxg6+ 30.Bxg6 Rg8 31.Re1 Rxg6+ 32.Kf1 Bd6 33.Re8+ Kg7 
34.Rd8 Re6 35.Rd7+ Kf6 36.Rxb7 d4 37.cxd4 cxd4 38.Rb3 Ke5 39.Ke1 Kd5+ 40.
Kd2 Kc4 41.Rf3 Be7 42.b3+ Kd5 43.Rf5+ Ke4 44.Ra5 Bg5+ 45.Kd1 Kd3 46.Rxa7 
Rc6 47.f4 Bxf4 48.Ke1 Kc2 0-1

[Event "50th World U20 ch"]
[Site "Chennai IND"]
[Date "2011.08.11"]
[Round "9.58"]
[White "Hercules, Benjamin Vincent"]
[Black "Arun, J."]
[Result "1-0"]
[WhiteElo "2089"]
[BlackElo "2018"]
[EventDate "2011.08.02"]
[PlyCount "71"]

1.d4 d5 2.c4 c6 3.Nc3 e6 4.e4 dxe4 5.Nxe4 Bb4+ 6.Bd2 Be7 7.Nf3 Nd7 8.Bd3 
h6 9.O-O Ngf6 10.Ng3 O-O 11.b4 b6 12.Re1 c5 13.Qe2 cxb4 14.Nf5 Re8 15.Nxg7
Kxg7 16.Ne5 Nxe5 17.dxe5 Rh8 18.exf6+ Bxf6 19.Rad1 Qe7 20.Qg4+ Kf8 21.Be4 
Rb8 22.Qh5 Qc5 23.Qf3 Be7 24.Bf4 e5 25.Rd5 exf4 26.Rxc5 bxc5 27.Qxf4 Rb6 
28.Bd5 Bf6 29.Qc7 Be6 30.Bxe6 Rxe6 31.Rxe6 fxe6 32.Qxc5+ Be7 33.Qc8+ Kg7 
34.Qxe6 Bf6 35.Qd7+ Kg6 36.c5 1-0

[Event "50th World U20 ch"]
[Site "Chennai IND"]
[Date "2011.08.11"]
[Round "9.59"]
[White "Ghaledar, Faraz"]
[Black "Bukhalaf, Khalil"]
[Result "1-0"]
[WhiteElo "2088"]
[BlackElo "2004"]
[EventDate "2011.08.02"]
[PlyCount "48"]

1.d4 d5 2.Nf3 Nf6 3.c4 c6 4.Nc3 e6 5.Bg5 Nbd7 6.cxd5 exd5 7.e3 Be7 8.Qc2 
O-O 9.Bd3 Re8 10.O-O g6 11.h3 b6 12.Bh6 Bb7 13.Rad1 Rc8 14.Ng5 Bf8 15.Bxf8
Kxf8 16.e4 dxe4 17.Qb3 Nd5 18.Ngxe4 N7f6 19.Qa3+ Qe7 20.Nd6 Nxc3 21.Rde1 
Nce4 22.Bxe4 Red8 23.Nxc8 Qxa3 24.bxa3 Bxc8 1-0

[Event "50th World U20 ch"]
[Site "Chennai IND"]
[Date "2011.08.11"]
[Round "9.61"]
[White "Rodriguez Aleman, Eduardo"]
[Black "Prasannaa, S."]
[Result "0-1"]
[WhiteElo "1997"]
[BlackElo "2032"]
[EventDate "2011.08.02"]
[PlyCount "92"]

1.e4 c5 2.Nf3 Nc6 3.d4 cxd4 4.Nxd4 g6 5.c4 Nf6 6.Nc3 d6 7.Be2 Nxd4 8.Qxd4 
Bg7 9.Be3 O-O 10.Qd2 Be6 11.f3 Qa5 12.Nd5 Qxd2+ 13.Kxd2 Bxd5 14.cxd5 Nd7 
15.Rac1 Bxb2 16.Rc7 Nb6 17.Rxe7 Rfc8 18.Rxb7 Bc3+ 19.Kd3 Nc4 20.Bd4 Bxd4 
21.Kxd4 Nb6 22.Bd3 Rc5 23.Rb1 Ra5 24.Rb2 Rc8 25.Bb5 Rc5 26.Be8 Kf8 27.Bc6 
Ra3 28.Bb5 Rc1 29.Be2 Re1 30.Rc2 Rb1 31.Bd3 Ra4+ 32.Rc4 Nxc4 33.Rxb1 Na3+ 
34.Kc3 Nxb1+ 35.Bxb1 Ra3+ 36.Kb4 Re3 37.Kb5 Re2 38.Kc6 Ke7 39.Kc7 f6 40.f4
Re1 41.Bd3 Re3 42.Bb1 a5 43.g3 a4 44.g4 a3 45.g5 fxg5 46.e5 Rc3+ 0-1

[Event "50th World U20 ch"]
[Site "Chennai IND"]
[Date "2011.08.12"]
[Round "10.1"]
[White "Hovhannisian, Robert"]
[Black "Ter-Sahakyan, Samvel"]
[Result "1/2-1/2"]
[WhiteElo "2556"]
[BlackElo "2558"]
[EventDate "2011.08.02"]
[PlyCount "62"]

1.e4 c5 2.Nf3 d6 3.d4 cxd4 4.Nxd4 Nf6 5.Nc3 Bd7 6.Bg5 e6 7.Qd2 h6 8.Bxf6 
Qxf6 9.Ndb5 Bxb5 10.Nxb5 Qxb2 11.Rd1 Na6 12.Nxd6+ Bxd6 13.Qxd6 Qb4+ 14.
Qxb4 Nxb4 15.Bb5+ Nc6 16.Bxc6+ bxc6 17.Rd6 Rc8 18.Ke2 Ke7 19.Rd3 Rb8 20.
Rhd1 Rb7 21.Rb3 Rb5 22.c4 Rxb3 23.axb3 Rb8 24.Ra1 Rxb3 25.Rxa7+ Kf6 26.Rc7
Rb2+ 27.Ke3 Rb3+ 28.Ke2 Rb2+ 29.Ke3 Rb3+ 30.Ke2 Rb2+ 31.Ke3 Ke5 1/2-1/2

[Event "50th World U20 ch"]
[Site "Chennai IND"]
[Date "2011.08.12"]
[Round "10.5"]
[White "Shimanov, Alexander"]
[Black "Durarbayli, Vasif"]
[Result "1/2-1/2"]
[WhiteElo "2586"]
[BlackElo "2515"]
[EventDate "2011.08.02"]
[PlyCount "81"]

1.d4 Nf6 2.Nf3 e6 3.c4 c5 4.Nc3 cxd4 5.Nxd4 Bb4 6.g3 Ne4 7.Qc2 Nxc3 8.bxc3
Be7 9.Bg2 O-O 10.O-O d6 11.Rd1 a6 12.c5 Qc7 13.cxd6 Bxd6 14.c4 Nd7 15.Nb3 
Nc5 16.Ba3 Be7 17.Rab1 Ra7 18.Nxc5 Bxc5 19.Bxc5 Qxc5 20.Qd3 b5 21.cxb5 Rd7
22.Qb3 Rxd1+ 23.Rxd1 axb5 24.a3 h6 25.Be4 Ba6 26.Qb4 Qe5 27.Rd6 Bc8 28.Qd4
Qg5 29.Kg2 Qe7 30.f3 e5 31.Qc5 Be6 32.Rc6 Qd7 33.Qxe5 Bh3+ 34.Kf2 Qd1 35.
g4 Qf1+ 36.Ke3 Qg1+ 37.Kd2 Rd8+ 38.Bd3 Bf1 39.Qe7 Qd4 40.Rc7 Bxe2 41.Qxf7+
1/2-1/2

[Event "50th World U20 ch"]
[Site "Chennai IND"]
[Date "2011.08.12"]
[Round "10.6"]
[White "Salgado Lopez, Ivan"]
[Black "Roganovic, Milos"]
[Result "0-1"]
[WhiteElo "2626"]
[BlackElo "2476"]
[EventDate "2011.08.02"]
[PlyCount "66"]

1.e4 c5 2.Nf3 Nc6 3.d4 cxd4 4.Nxd4 g6 5.c4 Bg7 6.Be3 Nf6 7.Nc3 d6 8.Be2 
O-O 9.O-O Bd7 10.Nb3 a5 11.Nd2 Ne5 12.h3 Bc6 13.f4 Ned7 14.Bf3 a4 15.Rc1 
e5 16.f5 gxf5 17.exf5 Re8 18.Nde4 Nxe4 19.Nxe4 Nf6 20.Nxd6 Re7 21.c5 e4 
22.Be2 Ne8 23.f6 Bxf6 24.Bc4 Nxd6 25.Rxf6 Nxc4 26.Qg4+ Kh8 27.Rxc4 Qd3 28.
Rc3 Qd7 29.Qh5 Qd5 30.Rf5 Qd7 31.Bg5 Qxf5 32.Rg3 Re6 33.Qd1 Rg6 0-1

[Event "50th World U20 ch"]
[Site "Chennai IND"]
[Date "2011.08.12"]
[Round "10.7"]
[White "Grover, Sahaj"]
[Black "Grandelius, Nils"]
[Result "1/2-1/2"]
[WhiteElo "2496"]
[BlackElo "2542"]
[EventDate "2011.08.02"]
[PlyCount "65"]

1.d4 Nf6 2.c4 g6 3.f3 e5 4.dxe5 Nh5 5.Nh3 Nc6 6.Bg5 Be7 7.Bxe7 Qxe7 8.Nc3 
Qxe5 9.Qd2 d6 10.g4 Nf6 11.g5 Nh5 12.Nd5 O-O 13.f4 Qe4 14.Nf2 Qxc4 15.e3 
Qa4 16.Be2 Be6 17.b3 Qa5 18.Qxa5 Nxa5 19.Nxc7 Rac8 20.Nb5 d5 21.Bxh5 gxh5 
22.Nd4 Nc6 23.Kd2 Nxd4 24.exd4 Bf5 25.Rhc1 h6 26.h4 hxg5 27.fxg5 f6 28.
gxf6 Rxc1 29.Rxc1 Rxf6 30.Rg1+ Kf7 31.Ke3 Re6+ 32.Kf4 Bg6 33.Kf3 1/2-1/2

[Event "50th World U20 ch"]
[Site "Chennai IND"]
[Date "2011.08.12"]
[Round "10.8"]
[White "Salem, A. R. Saleh"]
[Black "Sethuraman, Panayapan"]
[Result "0-1"]
[WhiteElo "2493"]
[BlackElo "2529"]
[EventDate "2011.08.02"]
[PlyCount "78"]

1.d4 Nf6 2.c4 e6 3.Nc3 Bb4 4.e3 b6 5.Bd3 Bb7 6.Nf3 c5 7.O-O O-O 8.Na4 cxd4
9.exd4 Re8 10.a3 Bf8 11.b4 a5 12.Bg5 axb4 13.axb4 h6 14.Be3 Bxb4 15.Rb1 
Bxf3 16.gxf3 Nc6 17.Kh1 Ra5 18.Rg1 Rh5 19.Rg2 Kh8 20.f4 Qc7 21.Qf3 d5 22.
f5 dxc4 23.Be4 Rxf5 24.Bxf5 exf5 25.Qxf5 Qd6 26.Nxb6 c3 27.Qh3 h5 28.Rbg1 
Nxd4 29.Nd7 g6 30.Qh4 Ne4 31.Rg5 Nxg5 32.Bxd4+ Kg8 33.Nf6+ Kf8 34.f3 Nxf3 
35.Nh7+ Kg8 36.Nf6+ Kh8 37.Nxe8+ Qxd4 38.Qxd4+ Nxd4 39.Kg2 c2 0-1

[Event "50th World U20 ch"]
[Site "Chennai IND"]
[Date "2011.08.12"]
[Round "10.11"]
[White "Narayanan, Sunilduth Lyna"]
[Black "Krejci, Jan jr"]
[Result "0-1"]
[WhiteElo "2233"]
[BlackElo "2503"]
[EventDate "2011.08.02"]
[PlyCount "76"]

1.e4 c5 2.Nf3 d6 3.d4 cxd4 4.Nxd4 Nf6 5.Nc3 Nc6 6.Be3 Ng4 7.Bb5 Nxe3 8.
fxe3 Bd7 9.O-O e6 10.Bxc6 bxc6 11.Qf3 Qf6 12.Qe2 Qe5 13.Rad1 Be7 14.Qa6 
O-O 15.Nxc6 Bxc6 16.Qxc6 Rab8 17.Rb1 Bg5 18.Rfe1 a5 19.a3 Rfc8 20.Qa6 Qc5 
21.Qd3 Bf6 22.Rbd1 Qc6 23.Qxd6 Qxd6 24.Rxd6 Rxb2 25.Na4 Ra2 26.Re2 Rxa3 
27.Nb6 Rcc3 28.Red2 g6 29.R6d3 Ra1+ 30.Kf2 Rc6 31.Rd6 Rxd6 32.Rxd6 a4 33.
Rd7 a3 34.Ra7 Bc3 35.Nc4 a2 36.Ra3 Kg7 37.e5 Be1+ 38.Ke2 Bb4 0-1

[Event "50th World U20 ch"]
[Site "Chennai IND"]
[Date "2011.08.12"]
[Round "10.12"]
[White "Lalith Babu, Musunuri Rohit"]
[Black "Kovalev, Vladislav"]
[Result "0-1"]
[WhiteElo "2495"]
[BlackElo "2439"]
[EventDate "2011.08.02"]
[PlyCount "193"]

1.d4 Nf6 2.c4 g6 3.Nc3 Bg7 4.e4 d6 5.Be2 O-O 6.Bg5 c5 7.d5 e6 8.Nf3 h6 9.
Bd2 exd5 10.exd5 Bf5 11.O-O Ne4 12.Nxe4 Bxe4 13.Qc1 Kh7 14.Bf4 Qf6 15.a3 
Re8 16.Ra2 Bxd5 17.b4 Rxe2 18.Rxe2 Bxf3 19.gxf3 Nc6 20.Bg3 Nd4 21.Re4 cxb4
22.axb4 a5 23.Rd1 Nxf3+ 24.Kg2 Ng5 25.Rf4 Qe6 26.h4 Ne4 27.Re1 f5 28.f3 g5
29.hxg5 hxg5 30.Rfxe4 fxe4 31.Rxe4 Qg6 32.bxa5 Rxa5 33.Qd2 Ra1 34.Bxd6 Rb1
35.Qd3 Rb2+ 36.Kg3 Kh8 37.Ba3 Be5+ 38.Rxe5 Rg2+ 39.Kxg2 Qxd3 40.Bc5 Qxc4 
41.Rxg5 b5 42.Kg3 b4 43.Bxb4 Qxb4 44.f4 Qe1+ 45.Kf3 Kh7 46.Rh5+ Kg6 47.
Rg5+ Kf6 48.Re5 Qf1+ 49.Kg3 Qg1+ 50.Kf3 Qh2 51.Rg5 Qh3+ 52.Kf2 Qh4+ 53.Kf3
Qh2 54.Ke3 Qh1 55.Kf2 Qe4 56.Kg3 Qe3+ 57.Kg4 Qf2 58.Rf5+ Ke6 59.Re5+ Kd6 
60.Kg5 Qg3+ 61.Kf5 Qg2 62.Re6+ Kd5 63.Re5+ Kd4 64.Re6 Qh3+ 65.Kf6 Qh6+ 66.
Kf5 Qf8+ 67.Kg5 Qg7+ 68.Kf5 Qf7+ 69.Rf6 Qd7+ 70.Kg5 Ke4 71.Kg6 Qe7 72.f5 
Kf4 73.Rf7 Qg5+ 74.Kh7 Qg1 75.Rf8 Qg2 76.Rf7 Qg5 77.Kh8 Qd8+ 78.Kh7 Kg5 
79.Kg7 Qe8 80.f6 Kh5 81.Re7 Qg6+ 82.Kf8 Qxf6+ 83.Ke8 Qc6+ 84.Kd8 Kg6 85.
Rd7 Qb6+ 86.Kc8 Kf6 87.Rb7 Qa5 88.Kd7 Qd5+ 89.Kc7 Ke7 90.Kc8+ Ke8 91.Kb8 
Kd8 92.Rb6 Kd7 93.Rb7+ Kc6 94.Ka8 Qg8+ 95.Ka7 Qd8 96.Rh7 Qa5+ 97.Kb8 0-1

[Event "50th World U20 ch"]
[Site "Chennai IND"]
[Date "2011.08.12"]
[Round "10.13"]
[White "Siugirov, Sanan"]
[Black "Firat, Burak"]
[Result "1-0"]
[WhiteElo "2629"]
[BlackElo "2373"]
[EventDate "2011.08.02"]
[PlyCount "75"]

1.e4 e6 2.d4 d5 3.e5 c5 4.c3 Nc6 5.Nf3 Qb6 6.a3 c4 7.g3 Na5 8.Nbd2 Bd7 9.
Bh3 O-O-O 10.O-O f5 11.exf6 gxf6 12.Rb1 Nh6 13.Re1 Nf5 14.b4 cxb3 15.Nxb3 
Bd6 16.Bd2 Nxb3 17.Rxb3 Qc7 18.Qe2 Kb8 19.Reb1 Bc8 20.Bg2 e5 21.Bh3 b6 22.
a4 e4 23.Bxf5 Bxf5 24.Nh4 Bd7 25.a5 b5 26.Rxb5+ Ka8 27.Rxd5 Bc6 28.Rh5 Rb8
29.Re1 Rb2 30.Nf5 Rhb8 31.Nxd6 Qxd6 32.Qe3 Qe6 33.Rxh7 Qf5 34.Rc7 Bb7 35.
d5 a6 36.c4 Qh3 37.Qh6 Qg4 38.Be3 1-0

[Event "50th World U20 ch"]
[Site "Chennai IND"]
[Date "2011.08.12"]
[Round "10.16"]
[White "Nitin, Senthilvel"]
[Black "Anwesh, Upadhyaya"]
[Result "1/2-1/2"]
[WhiteElo "2365"]
[BlackElo "2429"]
[EventDate "2011.08.02"]
[PlyCount "134"]

1.Nf3 Nf6 2.g3 g6 3.Bg2 Bg7 4.O-O O-O 5.d4 d5 6.c4 dxc4 7.Na3 c3 8.bxc3 c5
9.Ne5 Nfd7 10.f4 Nxe5 11.fxe5 Qa5 12.Bb2 Nc6 13.Qb3 Qa6 14.Bd5 e6 15.Bc4 
Qa5 16.Nb5 a6 17.a4 cxd4 18.cxd4 Nxe5 19.dxe5 axb5 20.Bxb5 Qb6+ 21.e3 Bd7 
22.Bd4 Qd8 23.Bc5 Bxb5 24.Qxb5 Ra5 25.Qb4 Rxc5 26.Qxc5 Qb8 27.Rab1 Bxe5 
28.Rf2 Rc8 29.Qb6 Rc7 30.Rd2 Kg7 31.Qb5 Rc3 32.Kf2 Bf6 33.Rb3 Rxb3 34.Qxb3
Qc7 35.Rc2 Qe5 36.Qd3 h5 37.Kg2 h4 38.gxh4 Qh5 39.Qe4 Bxh4 40.Rb2 Bf6 41.
Rf2 Qd1 42.Qf4 Qa1 43.h4 b6 44.Qf3 Qc3 45.Kh3 Qe5 46.Rf1 Qc3 47.e4 Qd4 48.
Rf2 Qe5 49.Kg2 Qd4 50.Qg4 Qe5 51.Qf4 Qd4 52.Kh3 Qc3+ 53.Qf3 Qe5 54.Rg2 Qa1
55.Rg4 Be5 56.h5 Qb2 57.Rg2 Qc1 58.Rf2 f6 59.hxg6 Qh6+ 60.Kg2 Qg5+ 61.Kh1 
Qh4+ 62.Kg2 Qg5+ 63.Kf1 Qc1+ 64.Ke2 Qc2+ 65.Ke1 Qb1+ 66.Ke2 Qc2+ 67.Kf1 
Qc1+ 1/2-1/2

[Event "50th World U20 ch"]
[Site "Chennai IND"]
[Date "2011.08.12"]
[Round "10.18"]
[White "Nabaty, Tamir"]
[Black "Krishna, C. R. G."]
[Result "0-1"]
[WhiteElo "2584"]
[BlackElo "2330"]
[EventDate "2011.08.02"]
[PlyCount "86"]

1.e4 e6 2.d4 d5 3.Nc3 Bb4 4.exd5 exd5 5.Bd3 Nc6 6.a3 Ba5 7.Nf3 Bg4 8.O-O 
Nge7 9.Be3 Bb6 10.h3 Bh5 11.Re1 Qd7 12.Bb5 f6 13.Na4 O-O 14.c3 Nf5 15.Bf4 
Nd6 16.Bd3 Rae8 17.Qc2 Ne4 18.Nxb6 axb6 19.Nd2 g5 20.Be3 Bg6 21.Nf1 Kg7 
22.f3 Nd6 23.Bf2 Ne7 24.Ne3 c6 25.h4 Bxd3 26.Qxd3 Ng6 27.Ng4 h5 28.Rxe8 
Rxe8 29.Ne3 gxh4 30.Re1 f5 31.Kh2 Re7 32.a4 f4 33.Nd1 Rxe1 34.Bxe1 Qe6 35.
Bd2 h3 36.gxh3 Nf5 37.Nf2 Ne3 38.Kh1 Nh4 39.Qe2 Qg6 40.Nd3 Nhf5 41.Nxf4 
Ng3+ 42.Kh2 Nxe2 43.Nxg6 Nf1+ 0-1

[Event "50th World U20 ch"]
[Site "Chennai IND"]
[Date "2011.08.12"]
[Round "10.19"]
[White "Yanev, Tikhomir"]
[Black "Piorun, Kacper"]
[Result "0-1"]
[WhiteElo "2349"]
[BlackElo "2514"]
[EventDate "2011.08.02"]
[PlyCount "70"]

1.Nf3 g6 2.e4 Bg7 3.d4 d6 4.Bc4 c6 5.O-O d5 6.Bb3 dxe4 7.Ng5 Nh6 8.Nxe4 
Nf5 9.c3 O-O 10.Bf4 Nd7 11.Nbd2 h6 12.Qg4 Nb6 13.Qxg6 Nd5 14.Bxd5 cxd5 15.
Qh5 dxe4 16.g4 Nd6 17.Bxh6 f6 18.Qg6 Rf7 19.f3 exf3 20.Nxf3 Qf8 21.Bf4 Bd7
22.d5 Qc8 23.Bxd6 exd6 24.Ng5 Qc5+ 25.Rf2 Qxf2+ 26.Kxf2 fxg5+ 27.Kg3 Re8 
28.Qxg5 Re5 29.Qd2 Re4 30.h3 Bxg4 31.Re1 Be5+ 32.Kg2 Bxh3+ 33.Kxh3 Rh7+ 
34.Kg2 Rh2+ 35.Kf3 Rxd2 0-1

[Event "50th World U20 ch"]
[Site "Chennai IND"]
[Date "2011.08.12"]
[Round "10.20"]
[White "Pap, Gyula"]
[Black "Kunal, M."]
[Result "0-1"]
[WhiteElo "2513"]
[BlackElo "2298"]
[EventDate "2011.08.02"]
[PlyCount "90"]

1.d4 Nf6 2.c4 e6 3.Nf3 b6 4.g3 Bb7 5.Bg2 Be7 6.O-O O-O 7.Re1 c5 8.d5 exd5 
9.Nh4 Ne4 10.cxd5 Bxh4 11.Bxe4 Bf6 12.Qc2 h6 13.Na3 d6 14.Bf4 Bg5 15.Qd2 
f5 16.Bg2 Nd7 17.Nc4 Qf6 18.Red1 Ba6 19.b3 Bxc4 20.bxc4 Bxf4 21.gxf4 Qh4 
22.e3 g5 23.fxg5 f4 24.exf4 Rxf4 25.Qe3 Ne5 26.gxh6 Kh8 27.Qh3 Rg8 28.Qxh4
Rxh4 29.Kh1 Ng4 30.Kg1 Ne5 31.Kh1 Rxc4 32.Bh3 Rf8 33.Rg1 Rh4 34.Rg3 Kh7 
35.Rag1 Kxh6 36.Be6 Rxf2 37.h3 Rf8 38.Rg7 Ra4 39.Rc7 Rxa2 40.Bg8 Rxg8 41.
Rxg8 Nf3 42.Rh8+ Kg5 43.Rg8+ Kf4 44.Rf7+ Ke3 45.Re8+ Kf2 0-1